<?xml version="1.0" encoding="UTF-8"?><?xml-stylesheet type="text/xsl" href="static/style.xsl"?><OAI-PMH xmlns="http://www.openarchives.org/OAI/2.0/" xmlns:xsi="http://www.w3.org/2001/XMLSchema-instance" xsi:schemaLocation="http://www.openarchives.org/OAI/2.0/ http://www.openarchives.org/OAI/2.0/OAI-PMH.xsd"><responseDate>2026-06-07T08:12:03Z</responseDate><request verb="GetRecord" identifier="oai:riuma.uma.es:10630/15835" metadataPrefix="marc">https://riuma.uma.es/rest/oai/request</request><GetRecord><record><header><identifier>oai:riuma.uma.es:10630/15835</identifier><datestamp>2026-02-03T12:50:58Z</datestamp><setSpec>com_10630_27</setSpec><setSpec>com_10630_3139</setSpec><setSpec>com_10630_10</setSpec><setSpec>col_10630_15266</setSpec></header><metadata><record xmlns="http://www.loc.gov/MARC21/slim" xmlns:dcterms="http://purl.org/dc/terms/" xmlns:doc="http://www.lyncode.com/xoai" xmlns:xsi="http://www.w3.org/2001/XMLSchema-instance" xsi:schemaLocation="http://www.loc.gov/MARC21/slim http://www.loc.gov/standards/marcxml/schema/MARC21slim.xsd">
   <leader>00925njm 22002777a 4500</leader>
   <datafield ind2=" " ind1=" " tag="042">
      <subfield code="a">dc</subfield>
   </datafield>
   <datafield ind2=" " ind1=" " tag="720">
      <subfield code="a">Rojas-Alvarado, Alexander Francisco</subfield>
      <subfield code="e">author</subfield>
   </datafield>
   <datafield ind2=" " ind1=" " tag="260">
      <subfield code="c">2017</subfield>
   </datafield>
   <datafield ind2=" " ind1=" " tag="520">
      <subfield code="a">Estudios en la familia Polypodiaceae para la flora Pteridophyta de Costa Rica&#xd;
ha permitido encontrar una especie nueva de Moranopteris R.Y. Hirai &amp; J. Prado&#xd;
de los Tepúes y Mesetas en Colombia y Venezuela: Moranopteris steyermarii&#xd;
A. Rojas. Se ha encontrado también que Moranopteris truncicola (Klotzsch)&#xd;
R.Y. Hirai &amp; J. Prado está conformado por dos especies, por lo que se combina&#xd;
a Moranopteris andina (Hook.) A. Rojas como especie válida. Finalmente,&#xd;
Micropolypodium setulosum (Rosenst.) A.R. Sm., no fue combinado a&#xd;
Moranopteris, probablemente debido a los comentarios realizados por Moran&#xd;
en Flora Mesoamericana, sobre su posible relación con M. nanum (Fée) A.R.&#xd;
Sm.; sin embargo, debido a la observación de un isotipo en el herbario US, se&#xd;
pudo determinar que la especie es válida y está más relacionada a Moranopteris&#xd;
truncicola. Lo anterior definió como objetivo de esta investigación la resolución&#xd;
taxonómica del grupo.</subfield>
   </datafield>
   <datafield ind1="8" ind2=" " tag="024">
      <subfield code="a">Acta Botánica Malacitana, Vol. 42, nº 1, 2017, págs. 149-154</subfield>
   </datafield>
   <datafield ind1="8" ind2=" " tag="024">
      <subfield code="a">0210-9506</subfield>
   </datafield>
   <datafield ind1="8" ind2=" " tag="024">
      <subfield code="a">https://hdl.handle.net/10630/15835</subfield>
   </datafield>
   <datafield tag="653" ind2=" " ind1=" ">
      <subfield code="a">Helechos</subfield>
   </datafield>
   <datafield ind2="0" ind1="0" tag="245">
      <subfield code="a">Novedades en Moranopteris R.Y. Hirai &amp; J. Prado (Polypodiaceae) para el Neotrópico</subfield>
   </datafield>
</record>
</metadata></record></GetRecord></OAI-PMH>